| 000 | 01118cam a2200349 i 4500 | ||
|---|---|---|---|
| 001 | 12970 | ||
| 003 | BD-RjUL | ||
| 005 | 20211208235401.0 | ||
| 008 | 140130s1975 nyua b 001 0 eng | ||
| 020 | _a0023447818 | ||
| 020 | _a0702005843 Baillere Tindall | ||
| 035 | _a(BD-RjUL)13020 | ||
| 040 |
_aDLC _cDLC _dDLC _dBD-RjUL _beng |
||
| 041 | _aeng | ||
| 060 | _aQV4 P535 | ||
| 082 | 0 | 0 |
_a615.7 _bPHA |
| 245 | 0 | 4 |
_aThe Pharmacological basis of therapeutics / _ceditors, Louis S. Goodman, Alfred Gilman, associate editors, Alfred G. Gilman, George B. Koelle. |
| 250 | _a5th ed. | ||
| 260 |
_aNew York : _bMacmillan, _c1975. |
||
| 300 |
_axvi, 1704 p. : _bill. ; _c27 cm. |
||
| 504 | _aIncludes bibliographies and index. | ||
| 650 | 0 |
_aPharmacology. _934217 |
|
| 650 | 0 |
_aChemotherapy. _940422 |
|
| 650 | 2 |
_aDrug therapy. _940423 |
|
| 650 | 2 |
_aPharmacology. _934217 |
|
| 700 | 1 |
_aGoodman, Louis Sanford, _d1906- _940424 |
|
| 700 | 1 |
_aGilman, Alfred, _d1908-1984. _940425 |
|
| 700 | 1 |
_aKoelle, George B. (Assiociate Editore) _940426 |
|
| 942 |
_2ddc _cBK |
||
| 999 |
_c12970 _d12970 |
||